000 00461nam a2200181Ia 4500
001 4850
005 20260306145825.0
008 260306t2010||||xx |||||||||||||| ||spa||
041 _aESP
082 _a330.98
_bB91
100 _aBulmer-Thomas, Victor
_eAUT
245 0 _aLa historia económica de América Latina desde la Independencia
260 _c2010
300 _a541 páginas :
_c23 cm.
650 _aGEN
654 _aCAN
942 _cLIB
_dJUS
_fJUS
_2ddc
_n
999 _c4850
_d4850